00564 2200217 4500001002100000005001500021035002000036007000300056008004100059020002200100082001200122084001800134100001700152245004500169250001100214260004800225300002800273650001300301990001600314990001600330INLIS00000000000063220230511081935 a0010-0421000085ta230511 g 0 ind  a978-979-709-999-2 a809.382 a809.382 MOC m0 aTandjung Kt.1 aOtobiografi Mochtar Riady :bManusia Ide acet. 1 aJakarta :bPt Kompas Media Nusantara,c2016 axvi + 336 hlm. :bilus. aBiografi a00000009563 a00000013463